BYLINE (Record no. 379043)

MARC details
000 -LEADER
fixed length control field 00362nam a2200169Ia 4500
008 - FIXED-LENGTH DATA ELEMENTS--GENERAL INFORMATION
fixed length control field 100122s9999 xx 000 0 und d
082 ## - DEWEY DECIMAL CLASSIFICATION NUMBER
Item number 63289
Classification number 81
100 ## - MAIN ENTRY--PERSONAL NAME
Personal name AKBAR M J
245 ## - TITLE STATEMENT
Title BYLINE
260 ## - PUBLICATION, DISTRIBUTION, ETC. (IMPRINT)
Name of publisher, distributor, etc CHRONICLE BOOKS
Date of publication, distribution, etc 2003
300 ## - PHYSICAL DESCRIPTION
Extent 404
520 ## - SUMMARY, ETC.
Summary, etc ANTHOLOGY
620 ## -
-- ANTHOLOGY
630 ## - SUBJECT ADDED ENTRY--UNIFORM TITLE
Uniform title BYLINE
730 ## - ADDED ENTRY--UNIFORM TITLE
Uniform title BYLINE
942 ## - ADDED ENTRY ELEMENTS (KOHA)
Koha item type Book
Holdings
Withdrawn status Lost status Damaged status Not for loan Home library Current library Date acquired Cost, normal purchase price Total Checkouts Full call number Barcode Date last seen Cost, replacement price Price effective from Koha item type Public note
        S.V. Pathak Library, Vile Parle S.V. Pathak Library, Vile Parle 06/23/2003 450.00   63289 SVPPARLE-63289 01/25/2010 450.00 01/25/2010 Book ", , General, NA"